|
|
|
|
| LEADER |
00000cam a2200000 a 4500 |
| 001 |
vtls008384845 |
| 003 |
SK-MaSNL |
| 005 |
20260301075504.0 |
| 008 |
230403s1955 xo a crn 000 0 slo |
| 015 |
|
|
|a SNBA19451955-007321
|
| 020 |
|
|
|q (brožované)
|
| 035 |
|
|
|a SK01SNKBKSFS20010077062
|
| 035 |
|
|
|a urn:nbn:sk:snk-am3iee0
|
| 035 |
|
|
|a urn:nbn:sk:snk-am00e6u9
|
| 035 |
|
|
|a B81E0B7D-70AD-4D8C-B664-EB94DD0B2494
|
| 035 |
|
|
|a SKM000079525
|
| 040 |
|
|
|a SNK
|b slo
|c SNK
|e AACR2
|
| 041 |
0 |
|
|a slo
|
| 044 |
|
|
|a xo
|c SK
|
| 080 |
|
|
|a 51
|2 2011
|
| 080 |
|
|
|a (075.2)
|2 2011
|
| 245 |
0 |
0 |
|a Matematika
|b pre 6. postupný ročník všeobecnovzdelávacích škôl
|c spracovali: Jozef Kroupa, Karel Rakušan, Anna Rakušanová, Jan Vyšín ; českú časť textu poslovenčil Jozef Kroupa
|
| 250 |
|
|
|a Druhé vydanie
|
| 260 |
|
|
|a Bratislava
|b Slovenské pedagogické nakladateľstvo
|c 1955
|e Bratislava
|f Grafické tlačiarne
|
| 300 |
|
|
|a 268 strán
|b ilustrácie
|c 21 cm
|
| 366 |
|
|
|e 30000 kusov
|
| 504 |
|
|
|a Obsahuje register
|
| 650 |
0 |
7 |
|a matematika
|2 SNKPH
|9 70174
|
| 655 |
|
7 |
|a učebnice základných škôl
|2 SNKPH
|9 70187
|
| 700 |
1 |
|
|a Kroupa, Jozef
|4 com
|4 trl
|9 307685
|
| 700 |
1 |
|
|a Rakušan, Karel
|4 com
|9 307686
|
| 700 |
1 |
|
|a Rakušanová, Anna
|4 com
|9 307687
|
| 700 |
1 |
|
|a Vyšín, Jan,
|d 1908-1983
|4 com
|9 200784
|
| 852 |
|
|
|a Slovenská národná knižnica
|
| 954 |
|
|
|a odborná, vedecká literatúra pôvodná (slovenská)
|2 lita
|
| 958 |
|
|
|a OND
|
| 958 |
|
|
|a RK
|
| 958 |
|
|
|a TL
|
| 958 |
|
|
|a OP
|
| 958 |
|
|
|a EUIPO
|
| 999 |
|
|
|c 650372
|d 652302
|
| 952 |
|
|
|a SNK
|b SNK
|y PREZ
|7 0
|p 17A0779834
|o snkSC 5820
|i snk243/55
|0 0
|1 0
|4 0
|d 2019-04-11
|f 1
|l 0
|r 2025-07-04 00:00:00
|w 2026-02-23
|